gminy powiatu makowskiego - Statystyki

Ogólne statystyki
  • Ten quiz został rozwiązany 72 razy
  • Średni wynik to 5 z 10
Odpowiedzi na mapie
Odpowiedzi zakodowano w zielono-czerwonej skali na mapie do tego quizu, zgodnie z poniższymi procentami.
 
Statystyki odpowiedzi
Gmina Odpowiedź % Poprawnych
miejska Maków Mazowiecki
100%
miejsko-wiejska Różan
67%
wiejska Szelków
60%
wiejska Rzewnie
53%
wiejska Czerwonka
50%
wiejska Krasnosielc
50%
wiejska Karniewo
43%
wiejska Płoniawy-Bramura
37%
wiejska Sypniewo
33%
wiejska Młynarze
30%
Nie znaleziono quizów pasujących do podanych kryteriów
Rozkład punktacji
Procent ludzi z każdym wynikiem
Percentyl według liczby udzielonych odpowiedzi
Twoja historia wyników
Nie rozwiązałeś tego quizu